000 00411nam a2200157Ia 4500
008 231217s9999 xx 000 0 und d
041 _aEnglish
082 _a001.6424C CHA;1 R
100 _aChandra, B
245 0 _aObject-oriented programming using C++
250 _a2nd ed.
260 _c2005
_bNarosa
_aNew Delhi
300 _axx+470
650 _aObject-oriented,programming,using,C++
942 _cAA
999 _c175727
_d175727